| 000 | 00764nam a2200205 a 4500 | ||
|---|---|---|---|
| 001 | 000029173 | ||
| 003 | DO-SdBNP | ||
| 005 | 20250130135311.0 | ||
| 008 | 110414s1992 dr 000 0 spa d | ||
| 040 |
_aDO-SdBNP _bspa _cBNPHU |
||
| 049 | _aBNPD | ||
| 082 |
_axxxx _aC749 _222 |
||
| 111 | 2 |
_aCongreso Nacional del Plan Decenal de Educación _d(1992, dic. 4 : _cSanto Domingo) _956093 |
|
| 245 | 1 | 0 |
_aDiscurso de clausura / _cGustavo A. Tavares Espaillat. |
| 264 | 1 |
_aSanto Domingo : _bSecretaría de Estado de Educación, Bellas Artes y Cultos, _c1992. |
|
| 300 |
_aiv, 11 p. ; _c21 cm. |
||
| 700 | 1 |
_aTavares Espaillat, Gustavo A. _956094 |
|
| 710 | 1 |
_aRepública Dominicana. _bSecretaría de Estado de Educación, Bellas Artes y Cultos _923965 |
|
| 942 |
_2ddc _cLF2 |
||
| 999 |
_c28665 _d28665 |
||